Vista normal
Vista MARC
Entrada Nombre corporativo
Número de registros utilizados en: 1
001 - NÚMERO DE CONTROL
- Campo de control: 5009
003 - IDENTIFICADOR DE NÚMERO DE CONTROL
- Campo de control: ES-MaCES
005 - FECHA Y HORA DE LA ULTIMA MODIFICACION
- Campo de control: 20001023104900.0
008 - ELEMENTOS DE DATOS DE LONGITUD FIJA
- Campo de longitud fija: 001020 | azznnaabn || ana d
035 ## - NÚMERO DE CONTROL DEL SISTEMA
- Número de control del sistema: CES20000003902e
040 ## - FUENTE DE LA CATALOGACIÓN
- Agencia original de catalogación: ES-MaCES
- Idioma de catalogación: spa
- Agencia de transcripción: ES-MaCES
110 2# - ENCABEZAMIENTO--NOMBRE CORPORATIVO
- Nombre corporativo o de jurisdicción como elemento de entrada: Societat Catalana de Seguretat i Medicina en el Treball
410 2# - TRAZADO VEÁSE--NOMBRE CORPORATIVO
- Nombre corporativo o de jurisdicción como elemento de entrada: SCSMT
670 ## - FUENTE DE DATOS ENCONTRADOS
- Fuente de citación: Bibliografía Nacional
901 ## - CES. DATOS SIRTEX
- ID Sirtex (N5N8): 0001800004670
- 005BIS Sirtex: 200010201340DGARCIA

